000 00785nam a2200229 i 4500
001 131498
003 ES-MaACL
005 20230906194007.0
007 t|
008 070214s1980 sp af |||| | spa d
100 1 _aRodríguez Alcalá, Hugo.
_998325
245 1 0 _aLiteratura de la independencia /
_cHugo Rodríguez Alcalá.
260 _aMadrid :
_bLa Muralla,
_c1980.
300 _a46 p. :
_bil. ;
_c23 cm +
_e60 diapositivas.
490 1 _aLiteratura hispanoamericana en imágenes ;
_v6
504 _aBibliografía: p. 45-46.
650 4 _aPoesía hispanoamericana-
_yS.XIX-
_xHistoria y crítica.
_9163220
650 4 _aDiapositivas.
_9163225
830 0 _aLiteratura hispanoamericana en imágenes ;
_v6
_9185564
852 _aES-MaACL
_jC-16943
999 _c131498
_d131498